| 000 | 00970nam a2200253 a 4500 | ||
|---|---|---|---|
| 001 | 39963 | ||
| 003 | BD-RjUL | ||
| 005 | 20211209053115.0 | ||
| 008 | 160420s1974 bg |||| |||| 00| 0 ben d | ||
| 020 | _c: Tk. 7.50 | ||
| 035 | _a(BD-RjUL)40077 | ||
| 040 |
_aBD-RjUL _bben _cBD-RjUL |
||
| 041 | _aben | ||
| 082 |
_223 _a301 _bWHN 1974 |
||
| 100 |
_aহোয়াইট, জে. ম্যানচিপ _9123093 |
||
| 245 | 1 | 0 |
_aনৃতত্ত্বের সহজ পাঠ / _cজে. ম্যানচিপ হোয়াইট ; মাহমুদা ইসলাম অনুদিত |
| 250 | _a১ম সং. | ||
| 260 |
_aঢাকা : _bবাংলা একাডেমী, _c১৯৭৪ |
||
| 300 |
_a[১৬] , ১৬৮ পৃ. ; _c২৩ সেমি. |
||
| 650 |
_aনৃতত্ত্ব _9121539 |
||
| 650 |
_aAnthropology _9123094 |
||
| 700 |
_aইসলাম, মাহমুদা, অনুবাদক _9123095 |
||
| 942 |
_2ddc _cBK |
||
| 999 |
_c39963 _d39963 |
||